Guess The Food In Emoji - Statistics

General Stats
  • This quiz has been taken 382 times
  • The average score is 5 of 10
Answer Stats
Hint Answer % Correct
🧊🍦 icecream
86%
🐟🍟 fish and chip
77%
πŸ…πŸ₯¬πŸ₯— salad
75%
πŸ”₯πŸ₯›πŸ« hot chocolate
71%
πŸžπŸ…πŸ₯¬πŸ₯“ sandwich
60%
πŸ₯’🍜 noodle
57%
🍞πŸ₯¬πŸ…πŸ₯©πŸž burger
44%
πŸ₯€πŸƒ tea
38%
πŸ₯›πŸžπŸ₯šπŸ¨, πŸ‘ΆπŸ“…πŸŽˆ cake
34%
🍚πŸ₯£ porridge
7%
No matching quizzes found
Score Distribution
Percent of People with Each Score
Percentile by Number Answered
Your Score History
You have not taken this quiz